|
|
|
|
| LEADER |
00662nab a2200193 i 4500 |
| 001 |
tisza6482 |
| 005 |
20200330131633.0 |
| 008 |
170522s1970 hu o 0|| hun d |
| 022 |
|
|
|a 0133-1167
|
| 040 |
|
|
|a SZTE Tiszatáj Archívum
|b hun
|
| 041 |
|
|
|a hun
|
| 100 |
1 |
|
|a Csetri Lajos
|
| 245 |
1 |
4 |
|a Mit akar ez az egy ember?
|h [elektronikus dokumentum] :
|b Vas István : Összegyűjtött versek /
|c Csetri Lajos
|
| 260 |
|
|
|c 1970
|
| 300 |
|
|
|a 772-776
|
| 490 |
0 |
|
|a Tiszatáj
|v 24 No. 8
|
| 695 |
|
|
|a Magyar irodalom - költészet - könyvismertetés
|
| 700 |
0 |
1 |
|a Vas István
|
| 856 |
4 |
0 |
|u http://tiszataj.bibl.u-szeged.hu/6482/1/tiszataj_1970_008_772-776.pdf
|z Dokumentum-elérés
|